Library Banner

National integration and other essays / (Record no. 107393)

MARC details
000 -LEADER
fixed length control field 00401nam a22001457a 4500
005 - DATE AND TIME OF LATEST TRANSACTION
control field 20180908102820.0
008 - FIXED-LENGTH DATA ELEMENTS--GENERAL INFORMATION
fixed length control field 180908b ||||| |||| 00| 0 eng d
040 ## - CATALOGING SOURCE
Transcribing agency PK-LaUMT
082 ## - DEWEY DECIMAL CLASSIFICATION NUMBER
Classification number 320.95491
Item number SHA-N
100 ## - MAIN ENTRY--PERSONAL NAME
Personal name Sharif, M. M.
245 ## - TITLE STATEMENT
Title National integration and other essays /
Statement of responsibility, etc M. M. Sharif
260 ## - PUBLICATION, DISTRIBUTION, ETC. (IMPRINT)
Place of publication, distribution, etc Lahore :
Name of publisher, distributor, etc Institute of Islamic Culture,
Date of publication, distribution, etc 1965
300 ## - PHYSICAL DESCRIPTION
Extent 153 p.
942 ## - ADDED ENTRY ELEMENTS (KOHA)
Koha item type Books
Holdings
Withdrawn status Lost status Damaged status Home library Current library Date acquired Full call number Barcode Date last seen Price effective from Koha item type
      UMT Main Campus UMT Main Campus 2018-09-08 320.95491 SHA-N 124220 2018-09-08 2018-09-08 Books